[Event "Ho Chi Minh City zt 3.3"]
[Site "Ho Chi Minh City"]
[Date "2009.07.23"]
[Round "2"]
[White "Nguyen Van Toan, Thanh"]
[Black "Tran, Quoc Dung"]
[Result "0-1"]
[WhiteElo "1813"]
[BlackElo "2196"]
[PlyCount "122"]
[EventDate "2009.07.23"]
[EventType "swiss"]
[EventRounds "9"]
[EventCountry "VIE"]
[SourceTitle "CBM 131 Extra"]
[Source "ChessBase"]
[SourceDate "2009.09.03"]
[SourceVersion "2"]
[SourceVersionDate "2009.09.16"]
[SourceQuality "1"]

1. e4 g6 2. d4 Bg7 3. c4 d6 4. Nc3 e5 5. d5 f5 6. f3 Nf6 7. Bd3 0-0 8. Nge2 fxe4 9. Bxe4 Bf5 10. 0-0 Nbd7 11. Be3 Bxe4 12. Nxe4 Nxe4 13. fxe4 Qh4 14. Nc3 Nf6 15. Bf2 Qg5 16. h3 Bh6 17. Qe2 Nh5 18. Qd3 Qxg2+ 19. Kxg2 Nf4+ 20. Kg3 Nxd3 21. b3 a6 22. Rad1 Nf4 23. Bg1 Rf7 24. Rf3 Raf8 25. Rdf1 Bg5 26. Kg4 Be7 27. Be3 g5 28. Bd2 h5+ 29. Kg3 Rh7 30. R3f2 Rhf7 31. Nd1 Kg7 32. Ne3 Kg6 33. Nf5 Bd8 34. b4 b5 35. Bxf4 exf4+ 36. Kf3 Rxf5 37. exf5+ Kxf5 38. c5 g4+ 39. hxg4+ hxg4+ 40. Kg2 Bg5 41. cxd6 cxd6 42. Re2 f3+ 43. Kg1 Bf6 44. Rd2 Bc3 45. Rd3 Be5 46. Rfxf3+ gxf3 47. Rxf3+ Bf4 48. Kf2 Ke5 49. Ke2 Kxd5 50. Kd3 Bh6 51. Rh3 Bg7 52. Rh7 Bd4 53. Rd7 Rf3+ 54. Kc2 Rf2+ 55. Kb3 Rf3+ 56. Kc2 Ra3 57. Rd8 Be5 58. Rc8 Ke4 59. Rg8 Rxa2+ 60. Kb3 Rb2+ 61. Ka3 Rb1 0-1